书目信息 |
| 题名: |
世界纪录片精品解读
|
|
| 作者: | 周文 主编 | |
| 分册: | ||
| 出版信息: | 北京 中国广播电视出版社 2010 |
|
| 页数: | 268页 | |
| 开本: | 24cm | |
| 丛书名: | ||
| 单 册: | ||
| 中图分类: | J952 | |
| 科图分类: | ||
| 主题词: | 纪录片--研究--世界 , 纪录片 | |
| 电子资源: | ||
| ISBN: | 978-7-5043-6031-1 | |
| 000 | 00921nam0 2200253 45 | |
| 001 | 1050872812 | |
| 005 | 20100419095836.37 | |
| 010 | @a978-7-5043-6031-1@dCNY34.00 | |
| 100 | @a20100409d2010 em y0chiy50 ea | |
| 101 | 0 | @achi |
| 102 | @aCN@b110000 | |
| 105 | @ay z 000yy | |
| 106 | @ar | |
| 200 | 1 | @a世界纪录片精品解读@AShi Jie Ji Lu Pian Jing Pin Jie Dou@dAnalysis on the world documentary classics@f周文主编@FZhou Wen Zhu Bian@zeng |
| 210 | @a北京@c中国广播电视出版社@d2010 | |
| 215 | @a268页@d24cm | |
| 330 | @a本书所精选品世界纪录片40部,其中国外24部、国内16部,时间跨越整个世界影视史,风格涵盖纪实、表现、政论、先锋,内容涉及社会现实的记录、历史的探寻等。 | |
| 510 | 1 | @aAnalysis on the world documentary classics@zeng |
| 606 | 0 | @a纪录片@x研究@y世界 |
| 606 | 0 | @a纪录片 |
| 690 | @aJ952@v4 | |
| 701 | 0 | @a周文@AZhou Wen@4主编 |
| 801 | 0 | @aCN@bTANGWEI@c20100419 |
| 905 | @b0591284-88@dJ952@e236@f5 | |
| 世界纪录片精品解读=Analysis on the world documentary classics/周文主编.-北京:中国广播电视出版社,2010 |
| 268页;24cm |
| ISBN 978-7-5043-6031-1:CNY34.00 |
| 本书所精选品世界纪录片40部,其中国外24部、国内16部,时间跨越整个世界影视史,风格涵盖纪实、表现、政论、先锋,内容涉及社会现实的记录、历史的探寻等。 |
| ● |
| 相关链接 |
|
|
|
|
正题名:世界纪录片精品解读
索取号:J952/236
 
预约/预借
| 序号 | 登录号 | 条形码 | 馆藏地/架位号 | 状态 | 备注 |
| 1 | 0591284 | 205912841 | 第一样本阅览室/ [索取号:J952/236] | 在馆 | |
| 2 | 0591285 | 205912850 | 密集书库-物理学院/ [索取号:J952/236] | 在馆 | |
| 3 | 0591286 | 205912869 | 第一借阅区/ [索取号:J952/236] | 在馆 | |
| 4 | 0591287 | 205912878 | 第一借阅区/ [索取号:J952/236] | 在馆 | |
| 5 | 0591288 | 205912887 | 第一借阅区/ [索取号:J952/236] | 在馆 |